Microbiology (Record no. 527964)

000 -LEADER
fixed length control field 00288nam a22001337a 4500
003 - CONTROL NUMBER IDENTIFIER
control field NUST
038 ## - RECORD CONTENT LICENSOR
Staff Name M.Ramzan
082 ## - DEWEY DECIMAL CLASSIFICATION NUMBER
Classification number 579
Author Mark PEL
100 ## - MAIN ENTRY--PERSONAL NAME
Personal name J, Michael
9 (RLIN) 19463
245 ## - TITLE STATEMENT
Title Microbiology
Statement of responsibility, etc. Michael J.
260 ## - PUBLICATION, DISTRIBUTION, ETC.
Place of publication, distribution, etc. Islamabad
Name of publisher, distributor, etc. N.B.F
300 ## - PHYSICAL DESCRIPTION
Extent 918 p, :
Dimensions 25cm
942 ## - ADDED ENTRY ELEMENTS (KOHA)
Source of classification or shelving scheme
Koha item type Book
Holdings
Withdrawn status Lost status Source of classification or shelving scheme Damaged status Not for loan Permanent Location Current Location Date acquired Total Checkouts Full call number Barcode Date last seen Price effective from Koha item type
          School of Civil and Environmental Engineering (SCEE) School of Civil and Environmental Engineering (SCEE) 08/23/2019   579 PEL NIT-10142 08/23/2019 08/23/2019 Book
          School of Civil and Environmental Engineering (SCEE) School of Civil and Environmental Engineering (SCEE) 08/23/2019   579 PEL NIT-10143 08/23/2019 08/23/2019 Book
© 2023 Central Library, National University of Sciences and Technology. All Rights Reserved.